[Event "ICS rated blitz match"]
[Site "204.178.125.65"]
[Date "2000.03.14"]
[Round "?"]
[White "Hossa"]
[Black "MissSilicon"]
[Result "0-1"]
[WhiteElo "2429"]
[BlackElo "2694"]
[PlyCount "144"]

1. e4 c5 2. Nf3 e6 3. d4 cxd4 4. Nxd4 Nc6 5. Nb5 d6 6. Bf4 e5 7. Be3 a6 8. N5c3
Nf6 9. Nd5 Nxd5 10. exd5 Ne7 11. Nc3 Nf5 12. Bd2 Qb6 13. Bd3 Nh4 14. O-O Qxb2
15. Rb1 Qa3 16. Qe2 Be7 17. Rb3 Qa5 18. f4 Qc7 19. Be3 b5 20. fxe5 dxe5 21. Be4
Rb8 22. Qh5 g6 23. Qh6 Nf5 24. Bxf5 Bxf5 25. Qg7 Rf8 26. Ne2 f6 27. Qxh7 Qc4
28. Rf2 Bxc2 29. Rc3 Qxd5 30. Rc7 Qd6 31. Ra7 Rc8 32. Ng3 Bb1 33. Rf1 Qa3 34.
Rxe7+ Qxe7 35. Qxe7+ Kxe7 36. Rxb1 Rfd8 37. Ne4 Rc4 38. Re1 Rxe4 39. Bc5+ Ke6
40. Rxe4 Kd5 41. Be7 Re8 42. Rg4 Rxe7 43. Rxg6 Re6 44. h4 e4 45. h5 f5 46. g4
fxg4 47. Rxg4 Rc6 48. Rg6 Rc1+ 49. Kh2 e3 50. Rg2 Ke4 51. Kh3 Kd3 52. Rg3 Kd2
53. Rg6 e2 54. Rd6+ Kc3 55. Re6 e1=Q 56. Rxe1 Rxe1 57. Kg2 Re3 58. h6 Re2+ 59.
Kg3 Re6 60. h7 Rg6+ 61. Kf4 Rh6 62. Ke5 b4 63. h8=Q Rxh8 64. Kf6 Rh2 65. Ke6
Rxa2 66. Ke5 b3 67. Ke4 b2 68. Kd5 b1=Q 69. Ke5 Re2+ 70. Kd6 Qb7 71. Kc5 Qc7+
72. Kd5 Re5# 0-1

[Event "ICS Rated blitz match"]
[Site "204.178.125.65"]
[Date "2000.03.14"]
[Round "?"]
[White "The-Path"]
[Black "Hossa"]
[Result "0-1"]
[WhiteElo "2375"]
[BlackElo "2423"]
[PlyCount "27"]

1. c4 c5 2. Nc3 Nc6 3. e4 Nd4 4. g3 d6 5. Bg2 Nf6 6. h3 e5 7. Nge2 Be7 8. O-O
h5 9. d3 h4 10. g4 Nxg4 11. hxg4 h3 12. Bh1 h2+ 13. Kg2 Bxg4 14. Nxd4 0-1

[Event "ICS rated blitz match"]
[Site "204.178.125.65"]
[Date "2000.03.14"]
[Round "?"]
[White "Hossa"]
[Black "PostModernist"]
[Result "0-1"]
[WhiteElo "2437"]
[BlackElo "2533"]
[PlyCount "102"]

1. e4 c5 2. Nc3 e6 3. Nf3 a6 4. g3 b5 5. d4 cxd4 6. Nxd4 Bb7 7. Bg2 Nf6 8. O-O
b4 9. e5 Bxg2 10. Kxg2 bxc3 11. exf6 Qxf6 12. bxc3 Be7 13. Rb1 d5 14. Rb7 Nd7
15. Nc6 Qxc3 16. Nxe7 Kxe7 17. Bb2 Qc6 18. Ba3+ Kd8 19. Qb1 Kc8 20. Rb3 Rb8 21.
Kg1 Rxb3 22. cxb3 Kb7 23. Rc1 Qb6 24. Qb2 f6 25. Qc3 Ne5 26. Bc5 Qc6 27. f4 Ng6
28. Qf3 Rc8 29. b4 Rc7 30. Qh5 d4 31. Qxh7 Qe4 32. Rf1 d3 33. Qh5 d2 34. Qd1
Rd7 35. a3 Rd3 36. a4 Kc6 37. a5 Kd5 38. Qh5+ f5 39. Qd1 e5 40. Qa4 exf4 41.
Qd7+ Kc4 42. Qa4 fxg3 43. h3 Qe2 44. Qc2+ Kb5 45. Qxd2 Rxd2 46. Bf2 gxf2+ 47.
Kg2 Nh4+ 48. Kg3 Rd3+ 49. Kxh4 Qe7+ 50. Kh5 Rxh3+ 51. Kg6 Qf6# 0-1

[Event "ICS rated blitz match"]
[Site "204.178.125.65"]
[Date "2000.03.14"]
[Round "?"]
[White "Hossa"]
[Black "Talmoves"]
[Result "0-1"]
[WhiteElo "2425"]
[BlackElo "2803"]
[PlyCount "120"]

1. e4 e5 2. Nf3 Nc6 3. Bb5 a6 4. Ba4 Nf6 5. O-O b5 6. Bb3 Bb7 7. Re1 Bc5 8. c3
d6 9. d4 Bb6 10. Bg5 h6 11. Bh4 Qd7 12. Bxf6 gxf6 13. Qd3 Na5 14. Nbd2 Nxb3 15.
Nxb3 Rg8 16. Kh1 Qg4 17. g3 c5 18. Nbd2 c4 19. Qe3 Qh3 20. Ng1 Qh5 21. a4 exd4
22. cxd4 Ba5 23. axb5 axb5 24. Ra2 Ke7 25. b3 Bxd2 26. Rxd2 Ra3 27. d5 Bc8 28.
Rb2 Bg4 29. f3 Bd7 30. Ne2 Rga8 31. Nd4 Qe5 32. f4 Qh5 33. Nf5+ Bxf5 34. exf5+
Kf8 35. Rg2 Rxb3 36. Qe7+ Kg7 37. g4 Qh4 38. g5 fxg5 39. fxg5 h5 40. Reg1 Rf3
41. f6+ Kg6 42. Qb7 Rfa3 43. Qxb5 Qe4 44. Qb1 Rd3 45. Rf1 Qxd5 46. Kg1 Qd4+ 47.
Kh1 d5 48. Rfg1 Re8 49. Qb5 Qe4 50. Qd7 c3 51. Rf1 c2 52. Qxf7+ Kxf7 53. g6+
Ke6 54. f7 Rf8 55. g7 Rd1 56. gxf8=N+ Kd6 57. h3 c1=Q 58. Rxd1 Qg5 59. Rdd2
Qxd2 60. Ne6 Qexg2# 0-1

[Event "ICS rated blitz match"]
[Site "204.178.125.65"]
[Date "2000.03.14"]
[Round "?"]
[White "Talmoves"]
[Black "Hossa"]
[Result "1-0"]
[WhiteElo "2806"]
[BlackElo "2422"]
[PlyCount "149"]

1. c4 e5 2. Nc3 Nf6 3. g3 c6 4. Nf3 e4 5. Nd4 d5 6. cxd5 Qb6 7. Nb3 cxd5 8. Bg2
Bf5 9. d3 Bb4 10. O-O Bxc3 11. bxc3 O-O 12. Be3 Qc7 13. Rc1 Nc6 14. c4 dxc4 15.
Rxc4 Be6 16. Rc1 Rfd8 17. Nd4 exd3 18. Nxe6 fxe6 19. exd3 Qd7 20. Qb3 Nd5 21.
Be4 Rf8 22. Bc5 Rf7 23. Qb2 Rc8 24. Rfe1 Rf6 25. Qb5 Rc7 26. Bg2 b6 27. Ba3 Kh8
28. Qa4 Rc8 29. Bb2 Rh6 30. h4 Ndb4 31. a3 Nd5 32. Ba1 Nde7 33. Qf4 Kg8 34. h5
Nd5 35. Qg5 Nf6 36. Bf3 Nd8 37. Qe5 Rxc1 38. Rxc1 Ne8 39. Qf4 Qe7 40. Rc8 Nd6
41. Rb8 N6f7 42. Qg4 Qf8 43. Ra8 a5 44. Rb8 g6 45. Qd4 a4 46. Qxb6 gxh5 47. Qd4
h4 48. gxh4 e5 49. Qxa4 Rg6+ 50. Kh1 Qe7 51. Bd5 Rh6 52. Rb4 Kf8 53. Rg4 Rb6
54. Bc3 Rb1+ 55. Kg2 Nh6 56. Rg3 Rb6 57. Bb4 Rd6 58. Be4 Ne6 59. Qa8+ Kf7 60.
Qh8 Nf4+ 61. Kf1 Qf6 62. Qxh7+ Ke6 63. Bxd6 Kxd6 64. Qb7 Ke6 65. Rg7 Nf7 66.
Rh7 Ng2 67. Bd5+ Kd6 68. Qc6+ Ke7 69. Rxf7+ Qxf7 70. Qc7+ Ke8 71. Bxf7+ Kf8 72.
Be6 Ne3+ 73. fxe3 Ke8 74. e4 Kf8 75. Qf7# 1-0

[Event "ICS rated standard match"]
[Site "204.178.125.65"]
[Date "2000.03.14"]
[Round "?"]
[White "Amateur"]
[Black "Hossa"]
[Result "1-0"]
[WhiteElo "2366"]
[BlackElo "2244"]
[PlyCount "141"]

1. e4 e5 2. Nf3 Nc6 3. Bc4 Bc5 4. c3 Nf6 5. d3 d6 6. Nbd2 O-O 7. Nb3 Bb6 8. O-O
d5 9. exd5 Nxd5 10. Bb5 Nde7 11. Bg5 f6 12. Be3 Bg4 13. Nc5 Na5 14. b4 Bxc5 15.
Bxc5 a6 16. Ba4 Nac6 17. d4 Re8 18. dxe5 Qxd1 19. Bxd1 fxe5 20. Bb3+ Kh8 21.
Ng5 Bh5 22. Rae1 a5 23. b5 b6 24. Ba3 a4 25. Be6 Na7 26. Rxe5 Ng6 27. Rf5 Bg4
28. Nf7+ Kg8 29. Nh6+ Kh8 30. Nxg4 Rxe6 31. Ne3 Rd8 32. c4 Ne5 33. Bb2 Nd3 34.
Bc3 Re7 35. Rd1 Red7 36. Rg5 h6 37. Rxg7 Rxg7 38. Nf5 Kh7 39. Nxg7 c6 40. Ne6
Rd6 41. Nf4 cxb5 42. c5 Nxf4 43. Rxd6 bxc5 44. Bd2 Ne2+ 45. Kf1 Nd4 46. Rd7+
Kg8 47. Rxa7 h5 48. Be3 Nc6 49. Rc7 Nb4 50. Rxc5 Nxa2 51. Rxb5 Nc3 52. Rxh5 a3
53. Ra5 Nb1 54. Bc1 Kh8 55. f4 Kg7 56. Bxa3 Nxa3 57. Rxa3 Kf6 58. h4 Ke6 59.
Ra5 Kd6 60. Re5 Kc6 61. f5 Kd6 62. Re2 Kd5 63. f6 Kc5 64. f7 Kd4 65. f8=Q Kd5
66. Qf5+ Kc4 67. Re4+ Kd3 68. Qf3+ Kc2 69. Re2+ Kd1 70. Qd3+ Kc1 71. Qc2# 1-0

[Event "ICS rated blitz match"]
[Site "204.178.125.65"]
[Date "2000.03.14"]
[Round "?"]
[White "tricard"]
[Black "Hossa"]
[Result "1/2-1/2"]
[WhiteElo "2413"]
[BlackElo "2419"]
[PlyCount "138"]

1. e4 e5 2. Nf3 Nc6 3. Bb5 a6 4. Ba4 Nf6 5. O-O Be7 6. Re1 b5 7. Bb3 O-O 8. a4
Bb7 9. d3 d6 10. Nbd2 Na5 11. Ba2 bxa4 12. Nc4 Nxc4 13. Bxc4 Qd7 14. c3 Bc6 15.
Ba2 Rab8 16. Bb1 Qg4 17. Bc2 Bb7 18. Bxa4 a5 19. Bc2 Ra8 20. h3 Qh5 21. d4 exd4
22. cxd4 Rfe8 23. d5 c6 24. dxc6 Bxc6 25. Bd2 Bb7 26. Bc3 Rec8 27. Nd4 Qxd1 28.
Raxd1 d5 29. Nf5 Bb4 30. e5 Nh5 31. Re3 Nf4 32. Nd6 Nxg2 33. Nxb7 Nxe3 34. fxe3
Bxc3 35. bxc3 Rxc3 36. Ba4 Rxe3 37. Rxd5 Rxh3 38. Rd7 Rg3+ 39. Kf2 Ra3 40. Bc6
Ra2+ 41. Kf3 Rf8 42. Bd5 Ra1 43. Nd6 Re1 44. Re7 Rf1+ 45. Ke2 Rf4 46. Ke3 g5
47. Ra7 h5 48. Rxa5 Kg7 49. Ra7 Kg6 50. Be4+ f5 51. exf6+ Kxf6 52. Ra6 Ke7 53.
Nc4 Rb8 54. Ra7+ Kf8 55. Ne5 Rb3+ 56. Nd3 Rf1 57. Ra5 Rg1 58. Kf2 Rd1 59. Rxg5
Rbxd3 60. Bxd3 Rxd3 61. Rxh5 Kg8 62. Ke2 Rg3 63. Ra5 Kh8 64. Rb5 Kg8 65. Ra5
Kh8 66. Rb5 Kg8 67. Ra5 Kh8 68. Rb5 Kg8 69. Ra5 Kh8 1/2-1/2

[Event "ICS Rated blitz match"]
[Site "204.178.125.65"]
[Date "2000.03.14"]
[Round "?"]
[White "Hossa"]
[Black "E2-Ebeer"]
[Result "1-0"]
[WhiteElo "2423"]
[BlackElo "2117"]
[PlyCount "103"]

1. e4 e5 2. Nf3 Nc6 3. Bb5 a6 4. Ba4 Nf6 5. O-O b5 6. Bb3 Nxe4 7. Bd5 Nf6 8.
Bxc6 dxc6 9. Nxe5 Qd6 10. d4 Be7 11. Bf4 Nd5 12. Nxf7 Qxf4 13. Nxh8 Bg4 14. Qd3
Bf5 15. Qe2 Bg4 16. Qe5 Qxe5 17. dxe5 Kd7 18. h3 Be6 19. Ng6 hxg6 20. Rd1 Ke8
21. a3 a5 22. Rd4 a4 23. Nd2 Bc5 24. Rh4 Ke7 25. Nf3 Rf8 26. Rh7 Rf7 27. Rf1
Rxf3 28. gxf3 Kf7 29. Rd1 g5 30. h4 g4 31. fxg4 Bxg4 32. Rd3 Kg8 33. Rxg7+ Kxg7
34. Rg3 Kg6 35. Rxg4+ Kh5 36. Re4 Ne7 37. Kg2 Nf5 38. Kh3 Be7 39. Rf4 Kg6 40.
h5+ Kg5 41. Rf3 Nh6 42. Rd3 Kxh5 43. f4 Nf5 44. Rd7 Kg6 45. Rxc7 c5 46. Rb7 b4
47. Ra7 bxa3 48. bxa3 Nd4 49. Rxe7 Nxc2 50. Re6+ Kf5 51. Rf6+ Ke4 52. e6 1-0

[Event "ICS Rated blitz match"]
[Site "204.178.125.65"]
[Date "2000.03.14"]
[Round "?"]
[White "Hossa"]
[Black "vovaaku"]
[Result "1-0"]
[WhiteElo "2428"]
[BlackElo "2257"]
[PlyCount "87"]

1. e4 e5 2. Nf3 Nc6 3. Bb5 a6 4. Ba4 Nf6 5. O-O b5 6. Bb3 d6 7. Ng5 d5 8. exd5
Nd4 9. d6 Nxb3 10. dxc7 Qxc7 11. axb3 Bd6 12. Nc3 Bb7 13. d3 O-O 14. Nge4 Nxe4
15. Nxe4 Be7 16. Re1 Rad8 17. Bg5 f6 18. Bd2 Kh8 19. Ba5 Qc6 20. Bxd8 Rxd8 21.
g4 Bc8 22. Re3 Qe6 23. Qf3 g6 24. b4 f5 25. Nc5 Bxc5 26. gxf5 Qg8 27. bxc5
gxf5+ 28. Qg2 Qe6 29. Rg3 f4 30. Rg5 Rf8 31. Re1 Rf5 32. Rxf5 Qxf5 33. Qd5 Be6
34. Qxe5+ Qxe5 35. Rxe5 Bd7 36. Kg2 Kg7 37. Re7+ Kf6 38. Rxd7 Kf5 39. c6 Ke5
40. c7 f3+ 41. Kxf3 b4 42. c8=Q b3 43. Qc6 bxc2 44. Rd5# 1-0

[Event "ICS rated blitz match"]
[Site "204.178.125.65"]
[Date "2000.03.14"]
[Round "?"]
[White "Orsan"]
[Black "Hossa"]
[Result "0-1"]
[WhiteElo "2327"]
[BlackElo "2430"]
[PlyCount "54"]

1. e4 e5 2. Nf3 Nc6 3. d4 exd4 4. Bc4 Nf6 5. Ng5 d5 6. exd5 Nxd5 7. Nxf7 Bb4+
8. c3 Kxf7 9. Qh5+ Ke6 10. cxb4 Ncxb4 11. O-O Kd6 12. Na3 g6 13. Nb5+ Kc5 14.
Qe5 Kxc4 15. Qxd4+ Kxb5 16. a4+ Kc6 17. Qc4+ Kd6 18. Rd1 Ke6 19. Qe4+ Kf7 20.
Bh6 Re8 21. Qf3+ Kg8 22. Rd4 c6 23. h4 Nc2 24. Rxd5 Qxd5 25. Qc3 Nd4 26. Kh1
Re4 27. Bg5 Re2 0-1

[Event "ICS rated standard match"]
[Site "204.178.125.65"]
[Date "2000.03.14"]
[Round "?"]
[White "Amateur"]
[Black "Hossa"]
[Result "0-1"]
[WhiteElo "2377"]
[BlackElo "2235"]
[PlyCount "164"]

1. e4 e5 2. Nf3 Nc6 3. Bb5 a6 4. Ba4 Nf6 5. O-O Be7 6. Re1 b5 7. Bb3 O-O 8. c3
d5 9. exd5 Nxd5 10. Nxe5 Nxe5 11. Rxe5 c6 12. Bxd5 cxd5 13. d4 Bd6 14. Re3 Qh4
15. h3 Qf4 16. Re5 Qf6 17. Re1 Qg6 18. Qf3 Be6 19. Be3 Qc2 20. Qe2 Qg6 21. Kh1
Rfe8 22. a3 Ra7 23. Nd2 Qc2 24. Nf3 Qxe2 25. Rxe2 Bf5 26. Ree1 f6 27. Nd2 Bc2
28. Rac1 Bd3 29. Nb3 a5 30. Nc5 Bc4 31. Rcd1 a4 32. Rc1 Rae7 33. h4 Bf4 34. Rc2
h5 35. g3 Bxe3 36. fxe3 Rxe3 37. Rxe3 Rxe3 38. Kg2 g6 39. Kf2 Re8 40. Kf3 Re1
41. Kf2 Re8 42. Kf3 Re1 43. Rf2 Bf1 44. Rh2 Rc1 45. Kf4 Bc4 46. Rf2 Rg1 47. Nd7
Kf7 48. Nc5 Kg7 49. Rh2 Kh6 50. Kf3 g5 51. Kf2 Rb1 52. Ke3 Re1+ 53. Kf2 Rf1+
54. Ke3 Kg6 55. Rf2 Rg1 56. Kf3 g4+ 57. Kf4 Re1 58. Rg2 Bd3 59. Rf2 Bb1 60. Rg2
Kh6 61. Rf2 Bh7 62. Rg2 Kg6 63. Rf2 Kf7 64. Rg2 Kg7 65. Rf2 Re8 66. Rg2 Bb1 67.
Rf2 Re1 68. Rg2 Ba2 69. Rf2 Kg6 70. Rg2 Bb3 71. Rf2 Bd1 72. Rg2 Bf3 73. Rf2 Bh1
74. Rh2 Be4 75. Rf2 Bf5 76. Rg2 Bc8 77. Rf2 Kg7 78. Rg2 Be6 79. Nxe6+ Rxe6 80.
Kf5 Re3 81. Rf2 Rf3+ 82. Ke6 Rxf2 0-1

[Event "ICS rated standard match"]
[Site "204.178.125.65"]
[Date "2000.03.14"]
[Round "?"]
[White "Hossa"]
[Black "Amateur"]
[Result "0-1"]
[WhiteElo "2257"]
[BlackElo "2355"]
[PlyCount "110"]

1. d4 Nf6 2. c4 e6 3. Nc3 Bb4 4. e3 c5 5. Nf3 Nc6 6. d5 Ne7 7. d6 Bxc3+ 8. bxc3
Nc6 9. Bd3 e5 10. Ng5 O-O 11. O-O Re8 12. Ne4 b6 13. f4 Rb8 14. Nxf6+ Qxf6 15.
Be4 Bb7 16. Qd3 g6 17. f5 g5 18. Bxc6 e4 19. Bxe4 Bxe4 20. Qd2 Re5 21. g4 Bc6
22. Rf2 Re4 23. Rg2 Rxc4 24. e4 h6 25. Bb2 Qe5 26. Re1 Rxe4 27. Ree2 Re8 28.
Kf1 Rxe2 29. Rxe2 Bb5 30. c4 Qxe2+ 31. Qxe2 Rxe2 32. Kxe2 Bxc4+ 33. Kf2 Bxa2
34. Kg3 a5 35. h4 gxh4+ 36. Kxh4 b5 37. Bc1 b4 38. Bxh6 c4 39. Bd2 b3 40. Bc3
a4 41. Bb2 c3 42. Bxc3 a3 43. Kh5 b2 44. Bb4 f6 45. Bc3 b1=Q 46. Bxf6 Qh1+ 47.
Kg5 Qc1+ 48. Kh4 Qh6+ 49. Kg3 Qxf6 50. Kf2 Bd5 51. Kg3 a2 52. g5 Qxg5+ 53. Kf2
a1=Q 54. Ke2 Qa2+ 55. Ke1 Qg1# 0-1

[Event "ICS rated standard match"]
[Site "204.178.125.65"]
[Date "2000.03.14"]
[Round "?"]
[White "alkhateeb"]
[Black "Hossa"]
[Result "1/2-1/2"]
[WhiteElo "2256"]
[BlackElo "2245"]
[PlyCount "94"]

1. d4 Nf6 2. c4 e6 3. Nf3 b6 4. g3 Ba6 5. b3 Bb4+ 6. Bd2 Be7 7. Bg2 c6 8. Bc3
d5 9. Ne5 Nfd7 10. Nxd7 Nxd7 11. Nd2 O-O 12. e4 b5 13. O-O bxc4 14. bxc4 Nb6
15. Ba5 dxc4 16. Nf3 c5 17. d5 exd5 18. Bxb6 axb6 19. exd5 Bf6 20. Rc1 Bb7 21.
d6 Rxa2 22. Rxc4 Ba6 23. Re4 Bxf1 24. Bxf1 Ra1 25. Qd5 Qd7 26. Kg2 Rd8 27. Bc4
Rc1 28. Re7 Qa4 29. Qxf7+ Kh8 30. Bb3 Qb5 31. Nd2 h6 32. Bc4 Qa4 33. Bd3 c4 34.
Be4 Re1 35. Qg6 Rxe4 36. Rxe4 Qa8 37. Nxc4 b5 38. Nb6 Qb7 39. d7 Rg8 40. f3
Qxb6 41. Re8 Qc7 42. Qf7 Qc2+ 43. Kh3 Qf5+ 44. Kg2 Qc2+ 45. Kh3 Qf5+ 46. Kg2
Qc2+ 47. Kh3 Qf5+ 1/2-1/2

[Event "ICS rated blitz match"]
[Site "204.178.125.65"]
[Date "2000.03.14"]
[Round "?"]
[White "Hossa"]
[Black "Beadle"]
[Result "0-1"]
[WhiteElo "2441"]
[BlackElo "2538"]
[PlyCount "119"]

1. d4 Nf6 2. c4 e6 3. Nc3 Bb4 4. e3 c5 5. Bd3 O-O 6. a3 Bxc3+ 7. bxc3 Nc6 8.
Ne2 b6 9. e4 Ne8 10. O-O Ba6 11. Qa4 Bb7 12. Bf4 d6 13. d5 Ne7 14. Bg5 Bc8 15.
Qc2 e5 16. Bh4 f6 17. f4 exf4 18. e5 fxe5 19. Bxh7+ Kh8 20. Qd3 Nf6 21. Be4
Nxe4 22. Qxe4 Bf5 23. Qf3 Qd7 24. Qh5+ Kg8 25. Nc1 Ng6 26. a4 Nxh4 27. Qxh4 Qb7
28. Qh5 Qf7 29. Qh4 Qg6 30. a5 Be4 31. Rf2 bxa5 32. Nb3 f3 33. Nd2 Rf4 34. Qe7
Raf8 35. Nxe4 Rxe4 36. Qe6+ Qxe6 37. dxe6 Rxc4 38. Rxf3 Rxf3 39. gxf3 Rxc3 40.
Kg2 Kf8 41. Rxa5 Ke7 42. Rxa7+ Kxe6 43. Rxg7 Rc2+ 44. Kg3 Rc1 45. Kh3 d5 46.
Rg6+ Kf5 47. Rd6 d4 48. Rd8 Rg1 49. Kh4 c4 50. Rf8+ Ke6 51. Re8+ Kf6 52. Rf8+
Ke7 53. Rf5 c3 54. Rxe5+ Kd6 55. Re4 Kd5 56. Re8 c2 57. Rd8+ Ke6 58. Rc8 c1=Q
59. Rxc1 Rxc1 60. Kg5 0-1

[Event "ICS rated standard match"]
[Site "204.178.125.65"]
[Date "2000.03.14"]
[Round "?"]
[White "Hossa"]
[Black "nuts"]
[Result "0-1"]
[WhiteElo "2246"]
[BlackElo "2243"]
[PlyCount "124"]

1. e4 e5 2. Nf3 Nc6 3. Bb5 a6 4. Ba4 Nf6 5. O-O Nxe4 6. d4 b5 7. Bb3 d5 8. dxe5
Be6 9. c3 Bc5 10. Nbd2 O-O 11. Bc2 Nxf2 12. Rxf2 f6 13. exf6 Bxf2+ 14. Kxf2
Qxf6 15. Nf1 Ne5 16. Be3 Rae8 17. Bc5 Nxf3 18. gxf3 Rf7 19. Ng3 Bg4 20. Kg1
Bxf3 21. Qd3 Be4 22. Nxe4 dxe4 23. Qe3 Kh8 24. Bb3 Qg6+ 25. Kh1 Rf3 26. Rg1
Rxe3 27. Rxg6 Rxc3 28. bxc3 hxg6 29. Be3 Rf8 30. Bd5 Rf3 31. Bd4 c5 32. Bg1
Rxc3 33. Bxe4 c4 34. Bc5 Rc1+ 35. Kg2 Ra1 36. Kf3 Rxa2 37. h4 a5 38. Bxg6 b4
39. Bb1 Rb2 40. Be4 c3 41. Be3 a4 42. h5 a3 43. h6 Rd2 44. hxg7+ Kxg7 45. Bb1
Rb2 46. Bd4+ Kf7 47. Bd3 a2 48. Bc4+ Ke8 49. Bb5+ Kd8 50. Bd3 a1=Q 51. Kf4 Qe1
52. Bb6+ Kd7 53. Be3 c2 54. Bb5+ Kd6 55. Be8 Qxe3+ 56. Kxe3 c1=Q+ 57. Ke4 Re2+
58. Kf5 Rxe8 59. Kf6 Qf4+ 60. Kg6 Rg8+ 61. Kh7 Qf7+ 62. Kh6 Qg6# 0-1

[Event "ICS rated standard match"]
[Site "204.178.125.65"]
[Date "2000.03.14"]
[Round "?"]
[White "philby"]
[Black "Hossa"]
[Result "0-1"]
[WhiteElo "2233"]
[BlackElo "2230"]
[PlyCount "80"]

1. d4 Nf6 2. Nf3 e6 3. c4 b6 4. e3 d5 5. Bd3 dxc4 6. Bxc4 Nc6 7. Nc3 Bb7 8. O-O
Be7 9. e4 O-O 10. Bf4 Na5 11. Bd3 c5 12. dxc5 Bxc5 13. Rc1 Nc6 14. Qe2 Rc8 15.
Nb5 a6 16. Nc3 Nd4 17. Nxd4 Qxd4 18. Rfd1 b5 19. Bb1 Qc4 20. Bd3 Qd4 21. Bg3
Qb4 22. Qc2 Bd4 23. e5 Nd5 24. Bxh7+ Kh8 25. a3 Qc5 26. Be4 Nxc3 27. bxc3 Bxe4
28. Qxe4 Bxc3 29. Qh4+ Kg8 30. Rd7 Qxa3 31. Rcd1 Qb2 32. Qg5 Qe2 33. f3 b4 34.
Bf4 Be1 35. Be3 a5 36. R1d3 Rc1 37. Qxg7+ Kxg7 38. Rxf7+ Rxf7 39. Bh6+ Kxh6 40.
Rb3 Bd2# 0-1

[Event "ICS rated blitz match"]
[Site "204.178.125.65"]
[Date "2000.03.14"]
[Round "?"]
[White "joejan"]
[Black "Hossa"]
[Result "0-1"]
[WhiteElo "2195"]
[BlackElo "2427"]
[PlyCount "94"]

1. e4 e5 2. Nf3 Nc6 3. Bb5 a6 4. Bxc6 dxc6 5. Nc3 f6 6. h3 Be6 7. d4 exd4 8.
Qxd4 Qxd4 9. Nxd4 Bf7 10. O-O Bb4 11. Nde2 O-O-O 12. Be3 Ne7 13. Rfd1 Rxd1+ 14.
Rxd1 Rd8 15. Rxd8+ Kxd8 16. f3 b5 17. a3 Bd6 18. Kf2 a5 19. Nc1 Be5 20. Nd1 Bd6
21. Nd3 Bc4 22. Ke2 Ng6 23. Kd2 Bxd3 24. Kxd3 Nh4 25. Bd2 Nxg2 26. Bxa5 Nf4+
27. Ke3 Nxh3 28. Bc3 h5 29. Be1 g6 30. Nc3 Bf4+ 31. Kd3 Bc1 32. Nd1 Ng1 33. Bc3
Ke7 34. f4 Bxf4 35. b3 c5 36. a4 c4+ 37. Kd4 Ne2+ 38. Kc5 cxb3 39. cxb3 bxa4
40. bxa4 h4 41. a5 h3 42. a6 Nxc3 43. a7 Nxe4+ 44. Kd4 h2 45. a8=Q h1=Q 46.
Qxe4+ Be5+ 47. Kd3 Qxd1+ 0-1

[Event "ICS rated blitz match"]
[Site "204.178.125.65"]
[Date "2000.03.14"]
[Round "?"]
[White "Hossa"]
[Black "Myth"]
[Result "0-1"]
[WhiteElo "2434"]
[BlackElo "2540"]
[PlyCount "120"]

1. d4 d5 2. c4 c6 3. Nf3 e6 4. Nc3 Nf6 5. e3 Nbd7 6. Bd3 dxc4 7. Bxc4 b5 8. Bd3
a6 9. O-O c5 10. Bd2 Bb7 11. Rc1 Be7 12. Re1 O-O 13. Ng5 cxd4 14. exd4 Nb6 15.
Be3 Nbd5 16. Qc2 h6 17. Nh7 Nb4 18. Qb1 Nxd3 19. Nxf6+ Bxf6 20. Qxd3 Qa5 21. b3
Rfd8 22. Qd2 e5 23. d5 Be7 24. Bxh6 b4 25. Ne4 gxh6 26. Qxh6 Qxd5 27. Qh5 Rac8
28. Qg4+ Kf8 29. Qh3 f6 30. Qh6+ Kf7 31. Qh7+ Ke6 32. Qh3+ f5 33. Qh6+ Kf7 34.
Ng5+ Bxg5 35. Qxg5 Qe6 36. Rc7+ Rxc7 37. Qxd8 Rc2 38. h4 Be4 39. Rd1 Bc6 40.
Qb8 f4 41. h5 Bxg2 42. Qa7+ Kf6 43. Qb8 Bf3 44. Qd8+ Qe7 45. Qxe7+ Kxe7 46. Re1
Rc5 47. h6 e4 48. Rxe4+ Bxe4 49. f3 Bxf3 50. h7 Rh5 51. Kf2 Be4 52. Ke1 Rh2 53.
h8=Q Rxh8 54. Kd1 Rh2 55. Ke1 f3 56. Kf1 Bd3+ 57. Kg1 Rg2+ 58. Kh1 Be4 59. a3
f2 60. axb4 f1=Q# 0-1

[Event "ICS rated blitz match"]
[Site "204.178.125.65"]
[Date "2000.03.14"]
[Round "?"]
[White "Myth"]
[Black "Hossa"]
[Result "1-0"]
[WhiteElo "2551"]
[BlackElo "2423"]
[PlyCount "121"]

1. e4 e5 2. Nf3 Nc6 3. Bb5 a6 4. Bxc6 dxc6 5. O-O Bg4 6. h3 h5 7. d3 Qf6 8.
Nbd2 Ne7 9. Re1 Ng6 10. d4 Bd6 11. hxg4 hxg4 12. Nh2 Rxh2 13. Qxg4 Qh4 14. Qxh4
Rxh4 15. Nf3 Rh5 16. dxe5 Nxe5 17. Nxe5 Bxe5 18. c3 O-O-O 19. f4 Bd6 20. Be3 g5
21. fxg5 Re8 22. Bd4 Bh2+ 23. Kf2 Rxg5 24. Rh1 Bd6 25. Rh8 Rxh8 26. Bxh8 Rh5
27. Bd4 Rb5 28. b3 Rh5 29. Rd1 a5 30. Bf6 b5 31. a4 Kb7 32. Rd3 Bc5+ 33. Bd4
Bxd4+ 34. cxd4 c5 35. g4 Rg5 36. dxc5 bxa4 37. bxa4 Re5 38. Ke3 Rxc5 39. Rd7
Rc3+ 40. Kd4 Rf3 41. Rd5 Kb6 42. Rb5+ Ka6 43. Rf5 Ra3 44. Rxf7 Rxa4+ 45. Ke5
Kb7 46. g5 Ra3 47. Rf1 Rd3 48. g6 Rd8 49. g7 Rg8 50. Kf6 c5 51. e5 Kc6 52. e6
a4 53. e7 Ra8 54. Kf7 c4 55. e8=Q+ Rxe8 56. Kxe8 c3 57. g8=Q Kd6 58. Rf5 c2 59.
Rb5 c1=Q 60. Qd5+ Kc7 61. Qd7# 1-0

[Event "ICS Rated blitz match"]
[Site "204.178.125.65"]
[Date "2000.03.14"]
[Round "?"]
[White "Hossa"]
[Black "QueenMaxima"]
[Result "0-1"]
[WhiteElo "2413"]
[BlackElo "2366"]
[PlyCount "98"]

1. e4 e5 2. Nf3 Nc6 3. Bb5 a6 4. Ba4 d6 5. O-O Nf6 6. Bxc6+ bxc6 7. d4 Be7 8.
dxe5 Nxe4 9. exd6 cxd6 10. Re1 Nf6 11. Nd4 Bd7 12. Qe2 c5 13. Nf3 Be6 14. Ng5
Bg4 15. f3 Bf5 16. g4 Bc8 17. Nc3 d5 18. Qe5 Ra7 19. Qb8 Rc7 20. a3 h6 21. Nh3
Rb7 22. Qa8 O-O 23. Nf4 Bd6 24. Rb1 Bxf4 25. Bxf4 Qb6 26. a4 Be6 27. a5 Qc6 28.
Qxb7 Qxb7 29. Bd6 Rc8 30. Kf2 d4 31. Nd1 Qd5 32. Be7 Qa2 33. Rc1 Qxa5 34. Re2
Bc4 35. Bxf6 Bxe2 36. Kxe2 Re8+ 37. Kd3 Qb5+ 38. c4 Qb3+ 39. Kd2 Qxf3 40. Kc2
d3+ 41. Kb1 d2 42. Bc3 dxc1=R+ 43. Kxc1 Rd8 44. Bd4 Rxd4 45. Nc3 Qd3 46. h3 Rf4
47. Nd1 Rf1 48. b3 Qe2 49. b4 Rxd1# 0-1

[Event "ICS rated blitz match"]
[Site "204.178.125.65"]
[Date "2000.03.14"]
[Round "?"]
[White "Nothingness"]
[Black "Hossa"]
[Result "0-1"]
[WhiteElo "2200"]
[BlackElo "2395"]
[PlyCount "84"]

1. c4 c5 2. Nc3 Nc6 3. e4 Nd4 4. g3 d6 5. Bg2 Nf6 6. Nge2 Bg4 7. O-O Nf3+ 8.
Kh1 h5 9. Qa4+ Nd7 10. Ng1 Nxg1 11. Kxg1 h4 12. h3 Be6 13. g4 g6 14. d3 Qb6 15.
f4 f6 16. f5 gxf5 17. exf5 Bg8 18. Rb1 O-O-O 19. Kh1 Ne5 20. b4 Nxd3 21. bxc5
Nxc5 22. Qc2 Qa6 23. Nb5 e5 24. Be3 Bh6 25. Bf2 Bf4 26. Rfd1 Rh7 27. Bxc5 dxc5
28. Rxd8+ Kxd8 29. Rd1+ Rd7 30. Rxd7+ Kxd7 31. Qd3+ Ke7 32. a3 Bf7 33. Bd5 Be8
34. Be6 Bc6+ 35. Kg1 e4 36. Qe2 e3 37. Qd3 Qa5 38. Nc3 Be5 39. Nd5+ Bxd5 40.
Qxd5 Qe1+ 41. Kg2 Qg3+ 42. Kf1 Qf2# 0-1

[Event "ICS rated blitz match"]
[Site "204.178.125.65"]
[Date "2000.03.14"]
[Round "?"]
[White "igochess"]
[Black "Hossa"]
[Result "0-1"]
[WhiteElo "2132"]
[BlackElo "2395"]
[PlyCount "32"]

1. d4 Nf6 2. Bg5 Ne4 3. Bf4 c5 4. f3 Qa5+ 5. c3 Nf6 6. Nd2 cxd4 7. cxd4 Nd5 8.
Nh3 Nc6 9. e3 d6 10. Bg5 h6 11. e4 hxg5 12. exd5 Qxd5 13. Ne4 Bxh3 14. gxh3
Nxd4 15. Qa4+ b5 16. Nc3 Qe5+ 0-1

[Event "ICS rated standard match"]
[Site "204.178.125.65"]
[Date "2000.03.14"]
[Round "?"]
[White "Hossa"]
[Black "igochess"]
[Result "1-0"]
[WhiteElo "2246"]
[BlackElo "2200"]
[PlyCount "32"]

1. e4 c5 2. Nf3 d6 3. d4 cxd4 4. Nxd4 Nf6 5. Nc3 g6 6. Be3 Bg7 7. f3 Nc6 8. Qd2
Bd7 9. Nxc6 bxc6 10. Ba6 Qa5 11. Bc4 d5 12. exd5 cxd5 13. Bxd5 Rc8 14. Bb3 Rxc3
15. Qxc3 Qa6 16. Qc7 Be6 1-0

[Event "ICS rated blitz match"]
[Site "204.178.125.65"]
[Date "2000.03.14"]
[Round "?"]
[White "Beadle"]
[Black "Hossa"]
[Result "0-1"]
[WhiteElo "2561"]
[BlackElo "2397"]
[PlyCount "138"]

1. d4 Nf6 2. Nf3 e6 3. g3 d5 4. Bg2 Bd6 5. Nc3 Nc6 6. Bg5 O-O 7. e4 Be7 8. Bxf6
Bxf6 9. e5 Be7 10. Qd2 f6 11. exf6 Rxf6 12. O-O Bd7 13. Rfe1 Qf8 14. Ne5 Nxe5
15. Rxe5 Bd6 16. Re3 c5 17. Nxd5 exd5 18. Bxd5+ Kh8 19. Bxb7 Rb8 20. Be4 cxd4
21. Rb3 Rxb3 22. axb3 Bc5 23. b4 Bb6 24. Bd3 Qf7 25. Re1 Bh3 26. f4 Kg8 27. Re5
Bc7 28. Rg5 Kh8 29. Qf2 Qa2 30. Qe1 Be6 31. Qe4 Bg8 32. Rh5 h6 33. Qxd4 Bb6 34.
Rc5 Re6 35. f5 Re1+ 36. Kf2 Re8 37. Kg1 Qb1+ 38. Kg2 Rd8 39. Qe5 Bxc5 40. bxc5
Bd5+ 41. Kh3 Qg1 42. f6 Bg2+ 43. Kg4 Qd1+ 44. Qe2 Rxd3 45. Qxd1 Rxd1 46. c3
gxf6 47. Kf4 Rd2 48. b4 Rc2 49. Ke3 Rxc3+ 50. Kd4 Rc1 51. b5 Rb1 52. Kc4 Bf1+
53. Kd5 Bxb5 54. Ke6 Kg7 55. Kd6 Rd1+ 56. Kc7 Rd7+ 57. Kc8 a6 58. g4 Rd5 59. c6
Bxc6 60. Kc7 Bd7 61. Kb7 Bxg4 62. Kxa6 Bd7 63. Kb6 Kf7 64. Kc7 Ke6 65. Kb7 Kd6
66. Kb6 Rb5+ 67. Ka6 Kc7 68. h4 Rh5 69. Ka7 Ra5# 0-1